000 00851nmc a2200301 a 4500
003 AR-BaBNM
005 20251128210735.0
008 131020s1999 ||||||||||||||000 | spa||
020 _a950-07-0942-2
040 _cAR-BaBNM
100 1 _aWolf, Ema
245 1 0 _aHistorias a Fernández
250 _a2ª ed.
260 _aBuenos Aires
_bSudamericana
_c1999
300 _a51 p.
_bil.
490 0 _aPrimera Sudamericana
500 _aTirada especial para el Programa Nacional de Innovaciones Educativas. Ministerio de Educación de la Nación
650 4 _aLITERATURA ARGENTINA
650 4 _aLITERATURA INFANTIL
650 4 _aLIBROS PARA NINOS
650 4 _aCUENTOS DE AVENTURAS
653 _aCUENTOS DE HUMOR
655 _aLITERATURA
700 1 _aSanzol, Jorge
_eilustrador
800 0 _aCanela
942 _cBK
998 _cMARTIN
999 _c16693
_d16693